000 00331nam a22001457a 4500
003 OSt
005 20211126113215.0
008 211126b |||||||| |||| 00| 0 eng d
040 _cHawassa University
050 _a646.1/KEY
_b1
082 _a646.1/KEY
_b1
245 _aKey note report
260 _c1989
942 _2ddc
_cBOOKS
_n0
999 _c20385
_d20385